| 000 | 01442nam a2200373Ia 4500 | ||
|---|---|---|---|
| 001 | ebr10112466 | ||
| 003 | CaPaEBR | ||
| 006 | m u | ||
| 007 | cr cn||||||||| | ||
| 008 | 050620s2005 nyua sb 001 0 eng d | ||
| 010 | _z 2005277788 | ||
| 020 | _z0738492167 | ||
| 040 |
_aCaPaEBR _cCaPaEBR |
||
| 035 | _a(OCoLC)80247075 | ||
| 050 | 1 | 4 |
_aTK5105.8885.W43 _bW425452 2005eb |
| 082 | 0 | 4 |
_a006.7 _222 |
| 245 | 0 | 0 |
_aWebSphere InterChange Server migration scenarios _h[electronic resource] / _c[Saida Davies ... et al.]. |
| 250 | _a1st ed. | ||
| 260 |
_aWhite Plains, NY : _bIBM, International Technical Support Organization, _c2005. |
||
| 300 |
_axvi, 484 p. : _bill. |
||
| 490 | 1 | _aIBM redbooks | |
| 500 | _a"February 2005." | ||
| 500 | _a"SG24-6475-00." | ||
| 504 | _aIncludes bibliographical references and index. | ||
| 533 |
_aElectronic reproduction. _bPalo Alto, Calif. : _cebrary, _d2009. _nAvailable via World Wide Web. _nAccess may be limited to ebrary affiliated libraries. |
||
| 630 | 0 | 0 | _aWebSphere. |
| 650 | 0 | _aWeb site development. | |
| 655 | 7 |
_aElectronic books. _2local |
|
| 700 | 1 | _aDavies, Saida. | |
| 710 | 2 |
_aInternational Business Machines Corporation. _bInternational Technical Support Organization. |
|
| 710 | 2 | _aebrary, Inc. | |
| 830 | 0 | _aIBM redbooks. | |
| 856 | 4 | 0 |
_uhttp://site.ebrary.com/lib/rucke/Doc?id=10112466 _zAn electronic book accessible through the World Wide Web; click to view |
| 999 |
_c106571 _d106571 |
||